Concepts in strategic management and business policy. (Record no. 352009)

000 -LEADER
fixed length control field 01979cam a22003494a 4500
001 - CONTROL NUMBER
control field 16717217
003 - CONTROL NUMBER IDENTIFIER
control field OSt
005 - DATE AND TIME OF LATEST TRANSACTION
control field 20180116183105.0
008 - FIXED-LENGTH DATA ELEMENTS--GENERAL INFORMATION
fixed length control field 110401s2012 njua b 001 0 eng
010 ## - LIBRARY OF CONGRESS CONTROL NUMBER
LC control number 2011013547
020 ## - INTERNATIONAL STANDARD BOOK NUMBER
International Standard Book Number 9780132153355
020 ## - INTERNATIONAL STANDARD BOOK NUMBER
International Standard Book Number 0132153351
040 ## - CATALOGING SOURCE
Original cataloging agency DLC
Transcribing agency DLC
Modifying agency DLC
042 ## - AUTHENTICATION CODE
Authentication code pcc
050 00 - LIBRARY OF CONGRESS CALL NUMBER
Classification number HD30.28
Item number .W433 2012
082 00 - DEWEY DECIMAL CLASSIFICATION NUMBER
Classification number 658.4012
Edition number 22
100 1# - MAIN ENTRY--PERSONAL NAME
Personal name Wheelen, Thomas L.
245 10 - TITLE STATEMENT
Title Concepts in strategic management and business policy.
Remainder of title toward global sustainability .
Statement of responsibility, etc. Thomas L. Wheelen, J. David Hunger.
250 ## - EDITION STATEMENT
Edition statement 14th ed.
260 ## - PUBLICATION, DISTRIBUTION, ETC.
Place of publication, distribution, etc. Upper Saddle, N.J. :
Name of publisher, distributor, etc. Pearson Prentice Hall,
Date of publication, distribution, etc. 2016.
300 ## - PHYSICAL DESCRIPTION
Extent xxiv, 391 p. :
Other physical details col. ill. ;
Dimensions 26 cm.
500 ## - GENERAL NOTE
General note Paper Cover
504 ## - BIBLIOGRAPHY, ETC. NOTE
Bibliography, etc. note Includes bibliographical references and index.
505 0# - FORMATTED CONTENTS NOTE
Formatted contents note Introduction to strategic management and business policy -- Basic concepts in strategic management -- Corporate governance -- Ethics and social responsibility -- Scanning the environment -- Environmental scanning and industry analysis -- Internal scanning and organizational analysis -- Strategy formulation -- Situation analysis and business strategy -- Corporate strategy -- Functional strategy and strategic choice -- Strategy implementation -- Organizing for action -- Staffing and directing -- Evaluation and control -- Introduction to case analysis -- Suggestions for case analysis -- Web chapters: other strategic issues -- Web chapter A Managing technology and innovation -- Web chapter B Entrepreneurial ventures and small businesses -- Web chapter C Not-for-profit organizations.
650 #0 - SUBJECT ADDED ENTRY--TOPICAL TERM
Topical term or geographic name entry element Strategic planning.
650 #0 - SUBJECT ADDED ENTRY--TOPICAL TERM
Topical term or geographic name entry element Strategic planning
Form subdivision Case studies.
650 #0 - SUBJECT ADDED ENTRY--TOPICAL TERM
Topical term or geographic name entry element Sustainability.
700 1# - ADDED ENTRY--PERSONAL NAME
Personal name Hunger, J. David,
Dates associated with a name 1941-
906 ## - LOCAL DATA ELEMENT F, LDF (RLIN)
a 7
b cbc
c orignew
d 1
e ecip
f 20
g y-gencatlg
942 ## - ADDED ENTRY ELEMENTS (KOHA)
Source of classification or shelving scheme
Koha item type Book
Call number prefix 658.4012
Holdings
Withdrawn status Lost status Source of classification or shelving scheme Damaged status Not for loan Collection code Permanent Location Current Location Shelving location Date acquired Total Checkouts Full call number Barcode Date last seen Price effective from Koha item type
            Central Library (CL) Central Library (CL) General Stacks 07/28/2017   658.4012 WHE NBS10283 07/28/2017 07/28/2017 Book
© 2023 Central Library, National University of Sciences and Technology. All Rights Reserved.